|
|
|
|
| LEADER |
01312cam a2200349 a 4500 |
| 001 |
c000403362 |
| 003 |
CARM |
| 005 |
20190408093813.0 |
| 008 |
190408s1982 maua b 001 0 eng |
| 010 |
|
|
|a 81082559
|
| 019 |
1 |
|
|a 2242203
|5 LACONCORD2021
|
| 020 |
|
|
|a 0395317029
|
| 035 |
|
|
|a (OCoLC)8277139
|5 LACONCORD2021
|
| 040 |
|
|
|a LC
|b eng
|c LC
|d ABN-SNR
|
| 050 |
0 |
0 |
|a LB1576
|b .H334 1982
|
| 082 |
0 |
4 |
|a 372.6044
|2 19
|
| 100 |
1 |
|
|a Hennings, Dorothy Grant.
|
| 245 |
1 |
0 |
|a Communication in action :
|b teaching the language arts /
|c Dorothy Grant Hennings.
|
| 250 |
|
|
|a 2nd ed.
|
| 260 |
|
|
|a Boston :
|b Houghton Mifflin,
|c c1982.
|
| 300 |
|
|
|a xxiv, 446 p. :
|b ill. ;
|c 25 cm.
|
| 504 |
|
|
|a Includes bibliographies and index.
|
| 650 |
|
0 |
|a Language arts (Primary)
|
| 650 |
|
0 |
|a Creative writing (Elementary education)
|
| 650 |
|
0 |
|a Creative writing (Primary education)
|
| 650 |
|
0 |
|a Oral communication.
|
| 852 |
8 |
|
|b CARM
|i F10890
|p 0653862
|f BK
|
| 852 |
8 |
|
|b SCAN
|h A3:AJ27B0
|i F10890
|p 0653862
|f BK
|
| 852 |
8 |
|
|b SCAN
|h A3:AJ27B0
|i F10890
|p 0653862
|f BK
|
| 999 |
f |
f |
|i ac79c1e6-bdc3-50fa-bc4c-6d2963152c70
|s 07350aae-432a-50fa-aa8e-b099aec232be
|
| 952 |
f |
f |
|p Can circulate
|a CAVAL
|b CAVAL
|c CAVAL
|d CARM 1 Store
|e F10890
|h Other scheme
|i book
|m 0653862
|
| 952 |
f |
f |
|a CAVAL
|b CAVAL
|c CAVAL
|d Unmapped Location
|e F10890
|f A3:AJ27B0
|h Other scheme
|